000 00390nam a22001337a 4500
008 180925b xxu||||| |||| 00| 0 eng d
020 _a9781568870984
041 _aeng
080 _a159.9
100 _a49
101 _aPSI
245 _aMultiple Relationships And Conflict Interest For Professionals Mental Health Aconserative Psycholegal Approach
_cEbert.B.W
942 _2udc
_cBK
999 _c48454
_d48454